Οι φιλοσοφικές και κοινωνικο-πολιτικές αντιλήψεις του Βενιαμίν Λέσβιου

Αποθηκεύτηκε σε:
Λεπτομέρειες βιβλιογραφικής εγγραφής
Κύριος συγγραφέας: Παπαδόπουλος, Θανάσης
Μορφή: Βιβλίο
Γλώσσα:Greek
Δημοσίευση: Αθήνα : Κέδρος, 1982.
Θέματα:
Ετικέτες: Προσθήκη ετικέτας
Δεν υπάρχουν, Καταχωρήστε ετικέτα πρώτοι!

MARC

LEADER 00000cam a2200000 a 4500
001 1/116787
008 180608s1982####gr | ||| |||| ||gre||
040 |a GR-MyUa  |b gre  |c GR-MyUa  |e AACR2 
041 0 |a gre 
082 7 |a 199.495   |2 (23) 
100 1 |a Παπαδόπουλος, Θανάσης. 
245 1 3 |a Οι φιλοσοφικές και κοινωνικο-πολιτικές αντιλήψεις του Βενιαμίν Λέσβιου /   |c Θανάσης Παπαδόπουλος.  
260 |a Αθήνα :   |b Κέδρος,   |c 1982.  
300 |a 287 σ. ;   |c 19 εκ.  
504 |a Περιλαμβάνει βιβλιογραφικές αναφορές 
600 0 0 |a Βενιαμίν ο Λέσβιος,   |d 1762-1824. 
650 0 |a Philosophy, Greek (Modern) 
852 |a INST  |b LESVOS  |e 20180608  |h 199.495 ΠΑΠ  |p 005100060431  |q 005100060431  |t BK  |y 0 
970 |a Τζαφέρη  |b Ευαγγελία  |z 08-06-2018